Ecological genetics and evolution: Essays in honour of E B Ford (Record no. 33384)

MARC details
000 -LEADER
fixed length control field 00343nam a2200121Ia 4500
082 ## - DEWEY DECIMAL CLASSIFICATION NUMBER
Classification number 574:575
Item number CRE
245 #0 - TITLE STATEMENT
Title Ecological genetics and evolution: Essays in honour of E B Ford
260 ## - PUBLICATION, DISTRIBUTION, ETC. (IMPRINT)
Place of publication New York
Name of publisher Appleton
Year of publication 1971
650 ## - SUBJECT ADDED ENTRY--TOPICAL TERM
Topical Term Ecological genetics
700 ## - ADDED ENTRY--PERSONAL NAME
Personal name CREED, Robert
942 ## - ADDED ENTRY ELEMENTS (KOHA)
Koha item type Books
Holdings
Withdrawn status Lost status Damaged status Not for loan Home library Current library Date acquired Full call number Accession Number Koha item type
        RRII Library RRII Library 16/12/2021 574:575 CRE 13882 Books